[Event "DEM U16w 2017"]
[Site "Willingen GER"]
[Date "2017.06.07"]
[Round "6"]
[White "Cejda, Cecilia"]
[Black "Weimert, Miriam"]
[Result "1-0"]
[Termination "normal"]
[Board "8"]
[WhiteElo "1755"]
[BlackElo "1841"]
[WhiteClock "00:11:23"]
[BlackClock "00:16:36"]
[PlyCount "113"]
[WhiteFideId "12921122"]
[BlackFideId "12966703"]
[EventCountry "GER"]
[EventRounds "9"]
[EventType "swiss"]
[EventDate "2017.06.03"]

1. e4 {[%clk 1:30:59]} 1... c6 {[%clk 1:30:53]} 2. d4 {[%clk 1:31:06]} 2... d5
{[%clk 1:30:50]} 3. Nc3 {[%clk 1:28:17]} 3... dxe4 {[%clk 1:30:05]} 4. Nxe4 {
[%clk 1:27:52]} 4... Bf5 {[%clk 1:29:03]} 5. Ng3 {[%clk 1:25:40]} 5... Bg6 {
[%clk 1:29:10]} 6. h4 {[%clk 1:23:34]} 6... h6 {[%clk 1:29:13]} 7. Nf3 { [%clk
1:23:37]} 7... Nd7 {[%clk 1:28:41]} 8. h5 {[%clk 1:22:34]} 8... Bh7 { [%clk
1:25:57]} 9. Bd3 {[%clk 1:22:33]} 9... Bxd3 {[%clk 1:25:24]} 10. Qxd3 { [%clk
1:22:51]} 10... e6 {[%clk 1:22:24]} 11. Bd2 {[%clk 1:09:16]} 11... Qc7 { [%clk
1:20:12]} 12. O-O-O {[%clk 1:07:58]} 12... O-O-O {[%clk 1:18:35]} 13. Qe2
{[%clk 0:56:56]} 13... Ngf6 {[%clk 1:14:47]} 14. c4 {[%clk 0:53:43]} 14... c5 {
[%clk 1:11:12]} 15. Kb1 {[%clk 0:42:21]} 15... cxd4 {[%clk 1:01:03]} 16. Nxd4 {
[%clk 0:41:12]} 16... Bc5 {[%clk 0:58:23]} 17. Nb3 {[%clk 0:30:54]} 17... Bd6 {
[%clk 0:29:27]} 18. Ne4 {[%clk 0:24:28]} 18... Nxe4 {[%clk 0:25:36]} 19. Qxe4 {
[%clk 0:24:51]} 19... Nc5 {[%clk 0:24:27]} 20. Nxc5 {[%clk 0:22:42]} 20... Bxc5
{[%clk 0:22:37]} 21. Bf4 {[%clk 0:19:42]} 21... Qb6 {[%clk 0:20:33]} 22. Qe5 {
[%clk 0:06:30]} 22... Bd4 {[%clk 0:16:00]} 23. Rxd4 {[%clk 0:06:18]} 23... Rxd4
{[%clk 0:16:21]} 24. c5 {[%clk 0:06:01]} 24... Qc6 {[%clk 0:14:33]} 25. Qxd4 {
[%clk 0:06:13]} 25... Rd8 {[%clk 0:13:46]} 26. Qe5 {[%clk 0:05:42]} 26... Rd5 {
[%clk 0:12:55]} 27. Qxg7 {[%clk 0:04:16]} 27... Qb5 {[%clk 0:12:25]} 28. Qc3 {
[%clk 0:03:55]} 28... Qe2 {[%clk 0:11:32]} 29. Qc2 {[%clk 0:03:42]} 29... Qg4 {
[%clk 0:10:14]} 30. Bg3 {[%clk 0:03:24]} 30... f5 {[%clk 0:08:37]} 31. Bd6 {
[%clk 0:02:44]} 31... Qxg2 {[%clk 0:07:53]} 32. Rd1 {[%clk 0:02:42]} 32...
Rxd1+ {[%clk 0:05:36]} 33. Qxd1 {[%clk 0:03:04]} 33... Qxf2 {[%clk 0:04:50]}
34. Kc1 {[%clk 0:03:12]} 34... e5 {[%clk 0:04:07]} 35. Qd2 {[%clk 0:02:53]}
35... Qf1+ {[%clk 0:04:07]} 36. Kc2 {[%clk 0:02:43]} 36... e4 {[%clk 0:02:38]}
37. Bf4 {[%clk 0:02:30]} 37... Qc4+ {[%clk 0:02:10]} 38. Qc3 {[%clk 0:02:20]}
38... Qe2+ {[%clk 0:02:07]} 39. Kb1 {[%clk 0:01:48]} 39... Qd1+ {[%clk 0:01:38]
} 40. Qc1 {[%clk 0:02:08]} 40... Qd3+ {[%clk 0:00:45]} 41. Ka1 {[%clk 0:02:19]}
41... Qf3 {[%clk 0:00:37]} 42. Bxh6 {[%clk 0:02:02]} 42... Qxh5 {[%clk 0:00:45]
} 43. a3 {[%clk 0:02:04]} 43... Qe2 {[%clk 0:30:08]} 44. Bf4 {[%clk 0:31:50]}
44... Qd3 {[%clk 0:29:02]} 45. c6 {[%clk 0:28:40]} 45... b6 {[%clk 0:28:07]}
46. c7 {[%clk 0:26:27]} 46... Qd4 {[%clk 0:26:14]} 47. Qc6 {[%clk 0:24:51]}
47... Qg1+ {[%clk 0:25:25]} 48. Ka2 {[%clk 0:21:15]} 48... Qg8+ {[%clk 0:25:02]
} 49. Kb1 {[%clk 0:21:25]} 49... Qg1+ {[%clk 0:24:46]} 50. Qc1 {[%clk 0:21:47]}
50... Qd4 {[%clk 0:23:35]} 51. Ka1 {[%clk 0:20:13]} 51... Qd3 {[%clk 0:21:39]}
52. Qh1 {[%clk 0:13:30]} 52... Qd4 {[%clk 0:20:24]} 53. Qf1 {[%clk 0:13:35]}
53... Qa4 {[%clk 0:19:23]} 54. Bg3 {[%clk 0:12:11]} 54... Qa5 {[%clk 0:18:41]}
55. Qc4 {[%clk 0:11:45]} 55... Qc5 {[%clk 0:16:31]} 56. Qg8+ {[%clk 0:11:24]}
56... Kd7 {[%clk 0:16:36]} 57. Qd8+ {[%clk 0:11:23]} 1-0

[Event "DEM U16w 2017"]
[Site "Willingen GER"]
[Date "2017.06.07"]
[Round "6"]
[White "Nguyen, Ha Thanh"]
[Black "Voß, Henrike"]
[Result "1-0"]
[Termination "normal"]
[Board "9"]
[WhiteElo "1775"]
[BlackElo "1620"]
[WhiteClock "00:09:11"]
[BlackClock "00:03:22"]
[PlyCount "69"]
[WhiteFideId "12942154"]
[BlackFideId "12971910"]
[EventCountry "GER"]
[EventRounds "9"]
[EventType "swiss"]
[EventDate "2017.06.03"]

1. e4 {[%clk 1:30:57]} 1... e5 {[%clk 1:30:50]} 2. Nf3 {[%clk 1:31:24]} 2...
Nc6 {[%clk 1:31:05]} 3. Bc4 {[%clk 1:31:48]} 3... Nf6 {[%clk 1:31:21]} 4. d3 {
[%clk 1:32:11]} 4... Bc5 {[%clk 1:31:42]} 5. c3 {[%clk 1:32:33]} 5... a6 {
[%clk 1:31:59]} 6. Bb3 {[%clk 1:32:52]} 6... Ba7 {[%clk 1:32:13]} 7. O-O {
[%clk 1:33:11]} 7... d6 {[%clk 1:32:33]} 8. Nbd2 {[%clk 1:33:23]} 8... h6 {
[%clk 1:32:50]} 9. Re1 {[%clk 1:31:15]} 9... g5 {[%clk 1:32:55]} 10. Nf1 {
[%clk 1:24:22]} 10... g4 {[%clk 1:33:12]} 11. N3d2 {[%clk 1:24:34]} 11... Be6 {
[%clk 1:33:14]} 12. Ne3 {[%clk 1:22:56]} 12... h5 {[%clk 1:22:35]} 13. Ndf1 {
[%clk 1:21:21]} 13... Qd7 {[%clk 1:18:17]} 14. Ba4 {[%clk 1:11:10]} 14... b5 {
[%clk 1:01:35]} 15. Bc2 {[%clk 1:10:19]} 15... h4 {[%clk 0:54:41]} 16. Qe2 {
[%clk 1:02:16]} 16... O-O-O {[%clk 0:50:36]} 17. Nd1 {[%clk 0:53:16]} 17...
Rdg8 {[%clk 0:42:15]} 18. Be3 {[%clk 0:52:38]} 18... Nh5 {[%clk 0:31:11]} 19.
g3 {[%clk 0:51:07]} 19... Bxe3 {[%clk 0:26:27]} 20. Ndxe3 {[%clk 0:49:57]}
20... Ne7 {[%clk 0:24:59]} 21. a4 {[%clk 0:45:21]} 21... f5 {[%clk 0:19:26]}
22. exf5 {[%clk 0:43:40]} 22... Nxf5 {[%clk 0:19:25]} 23. axb5 {[%clk 0:42:13]}
23... Qxb5 {[%clk 0:18:04]} 24. d4 {[%clk 0:27:32]} 24... Nxe3 {[%clk 0:14:38]}
25. Qxe3 {[%clk 0:25:40]} 25... hxg3 {[%clk 0:12:18]} 26. fxg3 {[%clk 0:25:23]}
26... Qxb2 {[%clk 0:08:22]} 27. Bd3 {[%clk 0:22:42]} 27... Bd5 {[%clk 0:07:43]}
28. Bxa6+ {[%clk 0:21:53]} 28... Kd7 {[%clk 0:06:54]} 29. Be2 {[%clk 0:20:37]}
29... exd4 {[%clk 0:05:44]} 30. cxd4 {[%clk 0:19:16]} 30... Re8 {[%clk 0:05:42]
} 31. Bxg4+ {[%clk 0:19:19]} 31... Kc6 {[%clk 0:04:15]} 32. Qc1+ { [%clk
0:17:43]} 32... Qxc1 {[%clk 0:03:48]} 33. Raxc1+ {[%clk 0:13:51]} 33... Kb7
{[%clk 0:03:03]} 34. Rxe8 {[%clk 0:08:46]} 34... Rxe8 {[%clk 0:03:22]} 35. Bxh5
{[%clk 0:09:11]} 1-0

[Event "DEM U16w 2017"]
[Site "Willingen GER"]
[Date "2017.06.07"]
[Round "6"]
[White "Reitz, Theresa"]
[Black "Mundt, Alexandra"]
[Result "1-0"]
[Termination "normal"]
[Board "10"]
[WhiteElo "1705"]
[BlackElo "1391"]
[WhiteClock "00:43:05"]
[BlackClock "00:28:29"]
[PlyCount "41"]
[WhiteFideId "12971901"]
[BlackFideId "16217276"]
[EventCountry "GER"]
[EventRounds "9"]
[EventType "swiss"]
[EventDate "2017.06.03"]

1. e4 {[%clk 1:30:58]} 1... e5 {[%clk 1:30:56]} 2. Nf3 {[%clk 1:31:23]} 2...
Nc6 {[%clk 1:31:21]} 3. Bb5 {[%clk 1:31:47]} 3... Nf6 {[%clk 1:31:39]} 4. d3 {
[%clk 1:31:56]} 4... Bc5 {[%clk 1:31:26]} 5. Nbd2 {[%clk 1:30:21]} 5... d6 {
[%clk 1:31:22]} 6. h3 6... h6 {[%clk 1:30:13]} 7. c3 {[%clk 1:29:53]} 7... a6 {
[%clk 1:29:26]} 8. Ba4 {[%clk 1:28:43]} 8... Ba7 {[%clk 1:27:35]} 9. Nf1 {
[%clk 1:27:58]} 9... O-O 10. Ng3 {[%clk 1:27:21]} 10... Ne7 {[%clk 1:24:45]}
11. Nh4 {[%clk 1:18:44]} 11... d5 {[%clk 1:12:40]} 12. Qf3 {[%clk 1:16:11]}
12... dxe4 {[%clk 1:11:14]} 13. dxe4 {[%clk 1:15:50]} 13... Ng6 {[%clk 0:59:51]
} 14. Nhf5 {[%clk 1:12:36]} 14... Be6 15. Bd2 15... c6 {[%clk 0:53:16]} 16. Bc2
{[%clk 1:03:33]} 16... Qb6 {[%clk 0:44:20]} 17. Nxh6+ {[%clk 0:56:09]} 17...
gxh6 {[%clk 0:33:24]} 18. Qxf6 {[%clk 0:54:20]} 18... Qxb2 {[%clk 0:32:17]} 19.
Nh5 {[%clk 0:49:15]} 19... Qxa1+ {[%clk 0:29:00]} 20. Bd1 {[%clk 0:46:08]}
20... Bxf2+ {[%clk 0:28:29]} 21. Kxf2 {[%clk 0:43:05]} 1-0

[Event "DEM U16w 2017"]
[Site "Willingen GER"]
[Date "2017.06.07"]
[Round "6"]
[White "Fricke, Edna Marlene"]
[Black "Lücke, Kristina"]
[Result "1/2-1/2"]
[Termination "normal"]
[Board "11"]
[WhiteElo "1356"]
[BlackElo "1445"]
[WhiteClock "00:07:21"]
[BlackClock "00:02:50"]
[PlyCount "40"]
[WhiteFideId "12988839"]
[BlackFideId "16201248"]
[EventCountry "GER"]
[EventRounds "9"]
[EventType "swiss"]
[EventDate "2017.06.03"]

1. e4 {[%clk 1:30:30]} 1... c5 {[%clk 1:30:48]} 2. Nc3 {[%clk 1:30:55]} 2...
Nc6 {[%clk 1:30:56]} 3. g3 {[%clk 1:31:06]} 3... g6 {[%clk 1:31:20]} 4. Bg2 {
[%clk 1:31:13]} 4... Bg7 {[%clk 1:31:46]} 5. d3 {[%clk 1:31:33]} 5... d6 {
[%clk 1:32:07]} 6. Be3 {[%clk 1:31:45]} 6... e5 {[%clk 1:30:55]} 7. Qd2 { [%clk
1:29:52]} 7... Nge7 {[%clk 1:30:12]} 8. f4 {[%clk 1:18:45]} 8... Nd4 { [%clk
1:23:55]} 9. Rb1 {[%clk 1:15:55]} 9... O-O {[%clk 1:14:04]} 10. Nce2 { [%clk
1:13:58]} 10... Be6 {[%clk 1:05:39]} 11. a3 {[%clk 1:09:43]} 11... Nec6 { [%clk
0:52:30]} 12. h3 12... Qd7 {[%clk 0:44:37]} 13. g4 {[%clk 0:44:33]} 13... exf4
{[%clk 0:26:10]} 14. Nxf4 {[%clk 0:37:06]} 14... Rae8 {[%clk 0:18:56]} 15. Nge2
{[%clk 0:33:52]} 15... f5 {[%clk 0:11:35]} 16. Nxe6 {[%clk 0:26:30]} 16... Qxe6
{[%clk 0:10:00]} 17. gxf5 {[%clk 0:17:41]} 17... gxf5 {[%clk 0:07:28]} 18. Nf4
{[%clk 0:15:02]} 18... Qf7 {[%clk 0:05:35]} 19. Rg1 {[%clk 0:09:40]} 19... Kh8
{[%clk 0:03:58]} 20. Kd1 {[%clk 0:07:21]} 20... Qa2 {[%clk 0:02:50]} 1/2-1/2